• 首页
  • 本馆介绍
  • 公告通知
  • 最新文献
  • 馆藏检索
  • 电子资源
  • 读者导购
  • 参考咨询
  • 我的图书馆
  • 登录
  • 详细信息显示
  • 放入我的书架
  • 预约/预借图书
  • 作者相关作品
  • 分类相关作品
  • 丛书相关作品
  • 出版社相关作品

书目信息

  • 表格格式
  • 工作单格式
  • 卡片格式
题名:
光的语言
    
 
作者: 斯托夫 , 斯托夫 著 ;王真 , 郭人和 译
分册:  
出版信息: 北京   世界图书出版公司北京公司  2013
页数: 438页
开本: 26cm
丛书名:
单 册:
中图分类: TB811
科图分类:
主题词: 摄影光学
电子资源:
ISBN: 978-7-5100-5322-1
000 01533nam0 2200313 450
001 523
005 20140910085301.17
010    @a978-7-5100-5322-1@dCNY99.80
100    @a20121231d2013 em y0chiy50 ea
101 1  @achi@ceng
102    @aCN@b110000
105    @aa z 000yy
106    @ar
200 1  @a光的语言@AGuang De Yu Yan@dStoppees' guide to photography and light@e摄影师、画家和设计师都必须了解的摄影用光@EShe Ying Shi、 Hua Jia He She Ji Shi Dou Bi Xu Liao Jie De She Ying Yong Guang@f(美)布莱恩·斯托夫(Brian Stoppee),(美)简妮特·斯托夫(Janet Stoppee)著@F( Mei ) Bu Lai En· Si Tuo Fu (Brian Stoppee),( Mei ) Jian Ni Te· Si Tuo Fu (Janet Stoppee) Zhu@g王真,郭人和译@zeng
210    @a北京@c世界图书出版公司北京公司@d2013
215    @a438页@c彩图,彩照@d26cm
300    @a摄影学院 005
305    @aFocal Press出版公司出版授权出版
330    @a本书由作者数十年摄影实践与教学研讨的专业经验汇集而成,书中配以全彩图片及照明图解,教会你如何驾驭自然光线,指导你如何设置自然的人工照明。
510 1  @aStoppees' guide to photography and light@zeng
517 1  @a摄影师、画家和设计师都必须了解的摄影用光@AShe Ying Shi、 Hua Jia He She Ji Shi Dou Bi Xu Liao Jie De She Ying Yong Guang
606 0  @a摄影光学
690    @aTB811@v5
701  0 @c(美)@a斯托夫@ASi Tuo Fu@c(Stoppee, Brian)@4著
701  0 @c(美)@a斯托夫@ASi Tuo Fu@c(Stoppee, Janet)@4著
702  0 @a王真@AWang Zhen@c(女,@f1980~)@4译
702  0 @a郭人和@AGuo Ren He@4译
801  0 @aCN@bTANGWEI@c20140603
905    @b0841904-06@dTB811@e152@f3
    
    光的语言=Stoppees' guide to photography and light:摄影师、画家和设计师都必须了解的摄影用光/(美)布莱恩·斯托夫(Brian Stoppee),(美)简妮特·斯托夫(Janet Stoppee)著/王真,郭人和译.-北京:世界图书出版公司北京公司,2013
    438页:彩图,彩照;26cm
    摄影学院 005
    
    ISBN 978-7-5100-5322-1:CNY99.80
    本书由作者数十年摄影实践与教学研讨的专业经验汇集而成,书中配以全彩图片及照明图解,教会你如何驾驭自然光线,指导你如何设置自然的人工照明。
●
相关链接 在E读中查询图书 在五车中查询图书 在当当中查询图书 在豆瓣中查询图书


正题名:光的语言     索取号:TB811/152         预约/预借

序号 登录号 条形码 馆藏地/架位号 状态 备注
1 0841904   208419040   第二样本阅览室/ [索取号:TB811/152] 在馆    
2 0841905   208419059   第三借阅区/ [索取号:TB811/152] 在馆    
3 0841906   208419068   第三借阅区/ [索取号:TB811/152] 在馆    
唐山师范学院图书馆 欢迎您!
大连网信软件有限公司© 版权所有